Pays avec le plus fort taux de suicide - Statistiques

Statistiques générales
  • Ce quiz a été pris 184 fois
  • Le résultat moyen est 7 sur 20
Statistiques - réponses
Taux Pays Continent % Correct
17,9 Russie Europe / Asie
86%
24,1 Corée du Sud Asie
79%
26,9 Surinam Amérique du Sud
51%
30,6 Guyana Amérique du Sud
49%
20,5 Bolivie Amérique du Sud
46%
18,5 Pologne Europe
45%
19,1 Biélorussie Europe
42%
28,1 Mongolie Asie
40%
17,4 Lettonie Europe
36%
26,1 Lituanie Europe
35%
27,5 Kazakhstan Asie
33%
25,9 Angola Afrique
21%
34,6 Sri Lanka Asie
21%
17,5 Cameroun Afrique
16%
27,2 Côte d'Ivoire Afrique
14%
18,0 Zimbabwe Afrique
13%
22,1 Sierra Leone Afrique
12%
26,6 Guinée Équatoriale Afrique
10%
17,9 Swaziland Afrique
10%
19,6 République Centrafricaine Afrique
1%
Aucun quiz correspondant
Distribution des résultats
% des personnes avec chaque résultat
Percentile par nombre de réponses
Votre historique - résultats
Vous n’avez pas pris ce quiz